000 00885nam a2200253Ia 4500
003 OSt
005 20221005110450.0
006 a|||||r|||| 00| 0
007 ta
008 221004b |||||||| |||| 00| 0 hin d
024 _a31156
037 _cTextual
040 _aCRL
_cCRL
_bhin
041 _2hin
_ahin
082 _aWv, 152M0
100 _aअवस्थी, रामकुमार
245 0 _aराजनीतिशास्त्र के नए क्षितिज भाग-2
246 _aRājanītishāstra ke nae kṣhitij bhāga-2
260 _aनई दिल्ली
_bदि मैकमिलन इंडिया लिमिटेड भारत
_c1980
300 _a216पृ.
_ccm.
490 _vखंड-4
942 _hWv, 152M0
_cTEXL
_2cc
999 _c1018909
_d1018909